El ombú y otros cuentos rioplatenses / trad. por eduardo hillman

Guardado en:
Autor Principal: Hudson, Guillermo Enrique
Otros Autores: Hillman, Eduardo, trad.
Formato: Libro
Publicado: Buenos Aires : Espasa - Calpe Argentina, 1970.
Edición:7a. ed.
Materias:
Etiquetas: Agregar Etiqueta
Sin Etiquetas, Sea el primero en etiquetar este registro!
LEADER 00660nam a22001935a 4500
001 EHU.bham024286
003 AR-BHAM
005 20170608160434.0
008 130507s1970##################000#0#####d
082 A 8 |a 863.3 
100 1 |a Hudson, Guillermo Enrique 
245 1 0 |a El ombú y otros cuentos rioplatenses /  |b trad. por eduardo hillman  |c  Guillermo Enrique Hudson : 
250 |a 7a. ed. 
260 |a Buenos Aires :  |b Espasa - Calpe Argentina,  |c 1970. 
300 |a 146 p. 
653 |a Literatura argentina- 1870-1920 
653 |a Cuento argentino-1870-1920 
700 1 |a Hillman, Eduardo, trad. 
859 |a AR-BHAM  |b BIB. HUMANIDADES - General  |h A863.3  |i H867-1  |k A  |p 47.02  |t Ej.1